Introducción de nuevos productos y tecnologías /

Gardado en:
Detalles Bibliográficos
Autor Principal: Gachuzo Contreras, Daniel (autor)
Formato: Tesis Libro
Idioma:Lingua castelá
Temas:
Etiquetas: Engadir etiqueta
Sen Etiquetas, Sexa o primeiro en etiquetar este rexistro!

MARC

LEADER 00000nam^a2200000^a^4500
001 000103912
005 20250521000000.0
009 20260310093403.589
037 |a Acervo ITESO - Biblioteca 
041 |a ESP 
090 |a IEL. 193 
100 |a Gachuzo Contreras, Daniel  |e (autor) 
245 1 0 |a Introducción de nuevos productos y tecnologías /  |c D. Gachuzo Contreras. 
264 |a Guadalajara, México :  |b edición de autor,  |c 1999 
300 |a 53 p. 
336 |a texto  |b txt  |2 rdacontenido 
337 |a sin mediación  |b n  |2 rdamedio 
338 |a volumen  |b nc  |2 rdasoporte 
502 |a ITESO Reporte Profesional de Licenciatura en Ingeniería Electrónica 
649 |a XX 
650 |a Televisión 
650 |a Industria Electrónica 
650 |a Desarrollo de Productos Nuevos 
650 |a Diseño del Producto 
650 |a Diseño Industrial 
650 |a Ingeniería de Procesos 
650 |a Ingeniería Electrónica 
650 |a Ingeniería Industrial 
910 |a Fondo General 
920 |a Impresos - Tesis del ITESO 
930 |a Colección General 
905 |a 104 
901 |a 0500038029  |b IT2  |c TSS  |u 20250521 
902 |a https://opac.biblio.iteso.mx/vufind/Record/000103912